000 01660cam a22003254a 4500
001 12691994
005 20210414113912.0
008 020305s2003 mauab b 001 0 eng
010 _a 2002025453
020 _a0072507705
040 _aDLC
_cDLC
_dDLC
042 _apcc
050 0 0 _aHD30.2.Z337
082 0 0 _a658/.05
_221
100 1 _aZagorsky, Jay L.
245 1 0 _aBusiness information :
_bfinding and using data in the digital age /
_cJay L. Zagorsky.
260 _aBoston :
_bMcGraw-Hill/Irwin,
_cc2003.
300 _axi, 276 p. :
_bill., maps ;
_c24 cm.
440 4 _aThe McGraw-Hill/Irwin series Operations and decision sciences
504 _aIncludes bibliographical references and index.
505 _aContents: Introduction -- Information basics -- Quick information- statistical compendia -- Demographic information -- Income -- consumer spending -- people details -- industry data -- company information -- Price information -- Human resources -- Labor market information -- Tax information -- Information on the economy -- Exporting and Importing -- conclusion -- Appendixes.
650 0 _aInformation technology
_xManagement.
650 0 _aData mining.
856 4 2 _3Contributor biographical information
_uhttp://www.loc.gov/catdir/bios/mh042/2002025453.html
856 4 2 _3Publisher description
_uhttp://www.loc.gov/catdir/description/mh022/2002025453.html
856 4 1 _3Table of contents
_uhttp://www.loc.gov/catdir/toc/mh021/2002025453.html
906 _a7
_bcbc
_corignew
_d1
_eocip
_f20
_gy-gencatlg
942 _2lcc
_cBK
999 _c495
_d7995